000 00443nam a2200193Ia 4500
005 20250603145011.0
008 250603s9999 xx 000 0 und d
020 _a9789353435141
050 _aHF 5415.1265 .B43/
100 _aBhatia, Puneet Singh
245 0 _aFundamentals of digital marketing
250 _a2nd ed.
260 _aIndia
260 _bPearson
260 _c2019
300 _a479 p
650 _aIndia
942 _cBK
999 _c40573
_d40573